| 000 | 01376nam a22002897i 4500 | ||
|---|---|---|---|
| 001 | IT\ICCU\PBE\0043945 | ||
| 003 | ItRI | ||
| 005 | 20260115232111.0 | ||
| 008 | 130606s2013 it |||||| ||||| |||||c | ||
| 020 | _a9788856629538 | ||
| 040 |
_bita _cimportazione bologna sebina |
||
| 041 | 7 |
_aita _2ISO-639-2 |
|
| 082 |
_a261.8357 _9CRISTIANESIMO E PROBLEMI SOCIALI. Relazioni tra i sessi _221 |
||
| 100 | 1 |
_aRoss, Marie-Paul _0IT\ICCU\TO0V\655600 |
|
| 240 | 1 | 0 |
_aJe voudrai vous parler d'amour... et de sexe _3IT\ICCU\PBE\0043944 _9Ross, Marie-Paul |
| 245 | 1 | 0 |
_aParliamo di sesso : _bperché la Chiesa non deve temere l'eros / _cSuor Marie-Paul Ross ; con la collaborazione di Claire Baldewyns e Sébastien Délézir. |
| 260 |
_aMilano : _bPiemme, _c2013 |
||
| 300 |
_a184 p. ; _c22 cm |
||
| 500 | _aTraduzione di Anna Maria Foli | ||
| 520 | _aPer Suor Marie-Paul Ross è tempo che nella Chiesa si parli di eros, riconoscendolo come dono di Dio e alzando quel velo di omertà che nell'ambito ecclesiale favorisce da secoli il perpetrarsi di devianze e infelicità. | ||
| 650 | 7 |
_aChiesa cattolica romana _xAtteggiamento verso il sesso _2scbi |
|
| 650 | 7 |
_aSesso _xConcezione cristiana |
|
| 700 | 1 |
_aBaldewyns, Claire _0IT\ICCU\REAV\094597 |
|
| 700 | 1 |
_aDélézir, Sébastien _0IT\ICCU\PBEV\008178 |
|
| 700 | 1 |
_aFoli, Anna Maria _0IT\ICCU\TO0V\585253 |
|
| 942 |
_2ddc _cBK _n0 |
||
| 999 |
_c17106 _d17106 |
||